| 000 | 00392pab a2200157 454500 | ||
|---|---|---|---|
| 008 | 180718b2011 xxu||||| |||| 00| 0 eng d | ||
| 100 | _aPrasad, Rohit | ||
| 245 | _a2008 telecom licensing policy: Conceptual issues | ||
| 260 | _c2011 | ||
| 300 | _ap.23-26. | ||
| 362 | _a31 Dec | ||
| 650 | _aTelecommunications | ||
| 773 | _aEconomic and Political Weekly | ||
| 908 | _aN | ||
| 909 | _a94704 | ||
| 999 |
_c94704 _d94704 |
||